000 00815nam a2200241Ia 4500
003 OSt
005 20220923221532.0
006 a|||||r|||| 00| 0
007 ta
008 220922b |||||||| |||| 00| 0 hin d
024 _a197,957
037 _cTextual
040 _aARTS
_cARTS
_bhin
041 _2hin
_ahin
082 _aY:351.237, 152L2
100 _aशर्मा, कृष्ण कुमार
245 0 _aराजस्थानी लोकगाथा का अध्ययन
246 _aRājasthānī lokagāthā kā adhyayana
260 _aजयपुर
_b राजस्थान प्रकाशन
_c1972
300 _a271पृ.
_ccm.
942 _hY:351.237, 152L2
_cTEXL
_2CC
999 _c349827
_d349827